| 000 | 00873nam a2200253 a 4500 | ||
|---|---|---|---|
| 001 | 69492 | ||
| 003 | BD-RjUL | ||
| 005 | 20211209081909.0 | ||
| 008 | 170412s1960 enka 001 0 eng d | ||
| 035 | _a(BD-RjUL)69704 | ||
| 040 |
_aNLM _cNLM _dBD-RjUL _beng |
||
| 041 | _aeng | ||
| 082 |
_a546.22 _223 _bMIA 1960 |
||
| 100 | 1 |
_aMitchell, John, _d1913-1996 _9205836 |
|
| 245 | 1 | 0 |
_aAquametry : _bapplication of the Karl Fischer reagent to quantitative analyses involving water / _c[by] John Mitchell, Jr., and Donald Milton Smith. |
| 260 |
_aNew York : _bInterscience Publishers, _cc1948 [reprinting 1960]. |
||
| 300 |
_axi, 444 p. : _bill. |
||
| 490 | 0 |
_aChemical analysis, _vv. 5 |
|
| 500 | _aIncludes index | ||
| 650 | 2 |
_aWater _xanalysis. _9204390 |
|
| 700 | 1 |
_aSmith, Donald Milton, _d1902-1983 _9205837 |
|
| 830 |
_aChemical analysis, _vv. 5 _9205840 |
||
| 942 |
_2ddc _cBK |
||
| 999 |
_c69492 _d69492 |
||